LEADER 03462nam 2200673Ia 450 001 9910453992603321 005 20200520144314.0 010 $a1-282-06982-9 010 $a9786612069826 010 $a0-226-24179-3 024 7 $a10.7208/9780226241791 035 $a(CKB)1000000000725209 035 $a(EBL)432217 035 $a(OCoLC)646810199 035 $a(SSID)ssj0000339024 035 $a(PQKBManifestationID)11261195 035 $a(PQKBTitleCode)TC0000339024 035 $a(PQKBWorkID)10299374 035 $a(PQKB)10865979 035 $a(MiAaPQ)EBC432217 035 $a(DE-B1597)535506 035 $a(OCoLC)781292105 035 $a(DE-B1597)9780226241791 035 $a(Au-PeEL)EBL432217 035 $a(CaPaEBR)ebr10288706 035 $a(CaONFJC)MIL206982 035 $a(EXLCZ)991000000000725209 100 $a19820614d1983 uy 0 101 0 $aeng 135 $aurcn||||||||| 181 $ctxt 182 $cc 183 $acr 200 10$aInflation, tax rules, and capital formation$b[electronic resource] /$fMartin Feldstein 210 $aChicago ;$aLondon $cUniversity of Chicago Press$d1983 215 $a1 online resource (311 p.) 225 1 $aA National Bureau of Economic Research monograph 300 $aDescription based upon print version of record. 311 $a0-226-24085-1 320 $aIncludes bibliographical references (p. 287-296) and index. 327 $tFrontmatter -- $tRelation of the Directors to the Work and Publications of the National Bureau of Economic Research -- $tContents -- $tPreface -- $t1. An Introductory Overview -- $t2. A Summary of the Theoretical Models -- $t3. Inflation, Income Taxes, and the Rate of Interest: A Theoretical Analysis -- $t4. Inflation and Taxes in a Growing Economy with Debt and Equity Finance -- $t5. Fiscal Policies, Inflation, and Capital Formation -- $t6. Inflation, Tax Rules, and the Accumulation of Residential and Nonresidential Capital -- $t7. Inflation and the Excess Taxation of Capital Gains on Corporate Stock -- $t8. Inflation and the Taxation of Capital Income in the Corporate Sector -- $t9. Inflation, Tax Rules, and the Long-term Interest Rate -- $t10. Inflation and the Stock Market -- $t11. Inflation, Tax Rules, and the Stock Market -- $t12. Inflation, Tax Rules, and the Prices of Land and Gold -- $t13. Inflation, Portfolio Choice, and the Prices of Land and Corporate Stock -- $t14. Inflation, Tax Rules, and Investment: Some Econometric Evidence -- $tReferences -- $tIndex 330 $aInflation, Tax Rules, and Capital Formation brings together fourteen papers that show the importance of the interaction between tax rules and monetary policy. Based on theoretical and empirical research, these papers emphasize the importance of including explicit specifications of the tax system in such study. 410 0$aNational Bureau of Economic Research monograph. 606 $aInflation (Finance) 606 $aTaxation$xEffect of inflation on 606 $aSaving and investment 608 $aElectronic books. 615 0$aInflation (Finance) 615 0$aTaxation$xEffect of inflation on. 615 0$aSaving and investment. 676 $a332.4/1 700 $aFeldstein$b Martin S$088785 801 0$bMiAaPQ 801 1$bMiAaPQ 801 2$bMiAaPQ 906 $aBOOK 912 $a9910453992603321 996 $aInflation, tax rules, and capital formation$92212896 997 $aUNINA LEADER 01152nam a22003011i 4500 001 991004112989707536 005 20031003165117.0 008 031111s1975 it |||||||||||||||||ita 035 $ab12523343-39ule_inst 035 $aARCHE-055661$9ExL 040 $aDip.to Lingue$bita$cA.t.i. Arché s.c.r.l. Pandora Sicilia s.r.l. 082 04$a294.34 100 1 $aGuenther, Herbert V.$0458075 245 13$aLa vita e l'insegnamento di Naropa :$btradotta dall'originale tibetano con un commento filosofico basato sulla trasmissione orale /$cHerbert V. Guenther 260 $aRoma :$bUbaldini,$c1975 300 $a269 p. ;$c21 cm 440 0$aCiviltà dell'Oriente 500 $aTrad. F. Cardelli 650 4$aNaropa 650 4$aBuddismo tibetano 700 1 $aCardelli, Francesco 765 0 $tlife and teaching of Naropa 907 $a.b12523343$b02-04-14$c13-11-03 912 $a991004112989707536 945 $aLE012 294.34 GUE 4$g1$i2012000175709$lle012$o-$pE0.00$q-$rl$s- $t0$u0$v0$w0$x0$y.i12965352$z13-11-03 996 $aVita e l'insegnamento di Naropa$9184397 997 $aUNISALENTO 998 $ale012$b13-11-03$cm$da $e-$fita$git $h3$i1 LEADER 01490nam 2200385 a 450 001 9910701530503321 005 20120326133713.0 035 $a(CKB)5470000002419785 035 $a(OCoLC)781638355 035 $a(EXLCZ)995470000002419785 100 $a20120326d2012 ua 0 101 0 $aeng 135 $aurbn||||||||| 181 $ctxt$2rdacontent 182 $cc$2rdamedia 183 $acr$2rdacarrier 200 10$aNuclear safety$b[electronic resource] $earrangement between the United States of America and Sweden signed at Vienna, September 19, 2011, with addenda 210 1$a[Washington, D.C.] :$cU.S. Dept. of State,$d[2012?] 215 $a1 online resource (18 unnumbered pages) 225 1 $aTreaties and other international acts series ;$v11-919 300 $aTitle from title screen (viewed on Mar. 26, 2012). 517 $aNuclear safety 606 $aNuclear facilities$xSafety measures$xResearch$zUnited States 606 $aNuclear facilities$xSafety measures$xResearch$zSweden 606 $aNuclear facilities$xSafety measures$xInternational cooperation 615 0$aNuclear facilities$xSafety measures$xResearch 615 0$aNuclear facilities$xSafety measures$xResearch 615 0$aNuclear facilities$xSafety measures$xInternational cooperation. 712 02$aUnited States.$bDepartment of State. 801 0$bGPO 801 1$bGPO 906 $aBOOK 912 $a9910701530503321 996 $aNuclear safety$92319825 997 $aUNINA